Formula One MCQ #3 - Statistics

General Stats
  • This quiz has been taken 27 times
  • The average score is 7 of 12
Answer Stats
Question Answer % Correct
Which country Grand Prix Track, Autódromo Herman's Rodriguez, is named for the country's most - loved racing sons. D. Mexico
96%
Known as Mr. Monaco, He won F1, Indy 500 and the 24 Hours Of Le Mans, making him the only man in history - to this day - to complete the fabled Triple Crown of Motorsport A. Graham Hill
78%
The one and only man to win world Championships on both two and four wheels in F1 is C. John Surtees
78%
Nicknamed "King of Monaco", he holds the record for having Monaco Grand Prix most wins (6) under his belt. Aryton Senna
70%
Bruce McLaren, at just thirty two, was killed testing one of his own cars came from this country C. New Zealand
70%
This team has the distinction of having one and only Grand Prix victory in Formula 1 till date. C. Porsche
70%
Formula One's "Uncrowned King", who died 54 years ago at the 1970 Italian Grand Prix who is also the only posthumous World Drivers Champion. A. Jochen Rindt
65%
The Nürburgring race circuit has been famously crowned as " The Green Hell" by this F1 world champion C. Jackie Stewart
61%
This Formula 1 driver invented the champagne-spraying celebration that is now the norm on motorsport podiums the world over. A. Dan Gurney
52%
This Formula 1 World Champion went through dyslexia which went undiagnosed and was misunderstood. A. Sir Jackie Stewart
39%
This F1 World Champions driver's parents were killed in a British bombing raid during WWII. C. Jochen Rindt
39%
This race is notable for being the first Grand Prix ever to be televised live globally. C. Japanese
30%
No matching quizzes found
Score Distribution
Percent of People with Each Score
Percentile by Number Answered
Your Score History
You have not taken this quiz